Towns in Ontario - Statistics

General Stats
  • This quiz has been taken 17 times
  • The average score is 15 of 95
Answer Stats
Hint Answer % Correct
ON Toronto
94%
ON Hamilton
76%
ON Brampton
65%
ON London
65%
ON Burlington
59%
ON Niagara Falls
59%
ON King
53%
ON Oakville
53%
ON Chatham
47%
ON Milton
47%
ON Sarnia
47%
ON Brantford
41%
ON St. Catharines
41%
ON Vaughan
41%
ON Welland
41%
ON Windsor
41%
ON Barrie
35%
ON Oshawa
35%
ON Ajax
29%
ON Markham
29%
ON Bolton
24%
ON Collingwood
24%
ON Grimsby
24%
ON Halton Hills
24%
ON Newmarket
24%
ON Woodstock
24%
ON Blenheim
18%
ON Petrolia
18%
ON Port Colborne
18%
ON Simcoe
18%
ON St Thomas
18%
ON Tilbury
18%
ON Wallaceburg
18%
ON Wasaga Beach
18%
ON Whitchurch-Stouffville
18%
ON Aurora
12%
ON Bothwell
12%
ON Bradford West Gwillimbury
12%
ON Fort Erie
12%
ON Georgina
12%
ON Glencoe
12%
ON Kingsville
12%
ON Niagara-on-the-lake
12%
ON Port Dover
12%
ON Ridgetown
12%
ON Smithville
12%
ON Angus
6%
ON Ayr
6%
ON Burford
6%
ON Caledonia
6%
ON Cayuga
6%
ON Dresden
6%
ON East Gwillimbury
6%
ON Erieau
6%
ON Hagersville
6%
ON Innisfil
6%
ON Lincoln
6%
ON Long Point
6%
ON New Tecumseth
6%
ON Norwich
6%
ON Pelham
6%
ON Strathroy
6%
ON Thamesville
6%
ON Thorold
6%
ON Wheatley
6%
ON Aylmer
0%
ON Comber
0%
ON Delhi
0%
ON Dutton
0%
ON Elmvale
0%
ON Ingersoll
0%
ON Komoka
0%
ON Langton
0%
ON Merlin
0%
ON Midhurst
0%
ON Minesing
0%
ON Morpeth
0%
ON Mt Brydges
0%
ON Ohsweken
0%
ON Port Bruce
0%
ON Port Burwell
0%
ON Port Maitland
0%
ON Port Rowan
0%
ON Port Stanley
0%
ON Puslinch
0%
ON Rodney
0%
ON Shedden
0%
ON Springwater
0%
ON Straffordville
0%
ON Tilsonburg
0%
ON Turkey Point
0%
ON Waterford
0%
ON Watford
0%
ON Wellandport
0%
ON West Lorne
0%
No matching quizzes found
Score Distribution
Percent of People with Each Score
Percentile by Number Answered
Your Score History
You have not taken this quiz